| 000 | 00505nam a22001577a 4500 | ||
|---|---|---|---|
| 082 |
_a891.433 _bSID |
||
| 100 | _aSiddiqui, Umair Mahmood | ||
| 245 |
_aPakistan ka matlab kya?/ _cUmair Mahmood Siddiqui; |
||
| 260 |
_aKarachi: _bIslamic Research and publications bureau; _c2021. |
||
| 300 | _a232p. | ||
| 563 | _aHB. | ||
| 650 |
_aIdeology _aPakistan _9121037 |
||
| 880 |
_6245-02\r _aپاکستان کا مطلب کیا؟ |
||
| 880 |
_6100-01\r _aعمیر محمود صدیقی |
||
| 942 |
_2ddc _cBK |
||
| 999 |
_c607996 _d607996 |
||